000 00526nam a2200181Ia 4500
999 _c394
_d394
020 _a0-89232-026-5
082 _a306.42072 RES;
245 0 _aResearch in sociology of knowledge, sciences and art: an annual compilation of r
260 _aGreenwich
_bJai Press
_c1978
300 _a289p
500 _aContents: Vol.1.
650 _aSocialism and art
650 _aArt and science - Research
650 _aSociology - Research - Research
650 _aKnowledge, Sociology of
700 _aJones, Robert Alun
942 _cBK